Every NFL Team's Last Super Bowl MVP - Statistics

General Stats
  • This quiz has been taken 115 times
    43 since last reset
  • The average score is 15 of 20
Answer Stats
Team Position Year Super Bowl Answer % Correct
Seattle Seahawks Running back 2026 LX Kenneth Walker III
97%
Kansas City Chiefs Quarterback 2024 LVIII Patrick Mahomes
97%
Tampa Bay Buccaneers Quarterback 2021 LV Tom Brady
97%
Green Bay Packers Quarterback 2011 XLV Aaron Rodgers
95%
New York Giants Quarterback 2012 XLVI Eli Manning
95%
Philadelphia Eagles Quarterback 2025 LIX Jalen Hurts
95%
Indianapolis Colts Quarterback 2007 XLI Peyton Manning
95%
Los Angeles Rams Wide receiver 2022 LVI Cooper Kupp
92%
New Orleans Saints Quarterback 2010 XLIV Drew Brees
92%
Baltimore Ravens Quarterback 2013 XLVII Joe Flacco
89%
New England Patriots Wide receiver 2019 LIII Julian Edelman
84%
Denver Broncos Linebacker 2016 50 Von Miller
82%
San Francisco 49ers Quarterback 1995 XXIX Steve Young
79%
New York Jets Quarterback 1969 III Joe Namath
66%
Pittsburgh Steelers Wide receiver 2009 XLIII Santonio Holmes
55%
Dallas Cowboys Cornerback 1996 XXX Larry Brown
39%
Las Vegas (Los Angeles) Raiders Running back 1984 XVIII Marcus Allen
39%
Washington Commanders (Redskins) Quarterback 1992 XXVI Mark Rypien
32%
Chicago Bears Defensive end 1986 XX Richard Dent
32%
Miami Dolphins Running back 1974 VIII Larry Csonka
29%
No matching quizzes found
Score Distribution
Percent of People with Each Score
Percentile by Number Answered
Your Score History
You have not taken this quiz since the last reset